Soft power in Japan-China relations (Record no. 1110103)

MARC details
000 -LEADER
fixed length control field 01046nam a2200313Ia 4500
003 - CONTROL NUMBER IDENTIFIER
control field OSt
005 - DATE AND TIME OF LATEST TRANSACTION
control field 20221006155445.0
008 - FIXED-LENGTH DATA ELEMENTS--GENERAL INFORMATION
fixed length control field 221006b |||||||| |||| 00| 0 eng d
020 ## - INTERNATIONAL STANDARD BOOK NUMBER
International Standard Book Number 9780415551700
-- 30.00
037 ## - SOURCE OF ACQUISITION
Terms of availability Textual
040 ## - CATALOGING SOURCE
Original cataloging agency EASL
Transcribing agency EASL
Language of cataloging eng
041 ## - LANGUAGE CODE
Source of code eng
Language code of text/sound track or separate title eng
100 ## - MAIN ENTRY--PERSONAL NAME
Personal name Vyas Utpal
9 (RLIN) 669293
245 #0 - TITLE STATEMENT
Title Soft power in Japan-China relations
Remainder of title State, sub-state and non-state relations
260 ## - PUBLICATION, DISTRIBUTION, ETC.
Place of publication, distribution, etc. London
Name of publisher, distributor, etc. Routledge U.K.
Date of publication, distribution, etc. 2011
300 ## - PHYSICAL DESCRIPTION
Extent 226p.
Dimensions cm.
490 ## - SERIES STATEMENT
Series statement Routledge contemporary Asia series
650 ## - SUBJECT ADDED ENTRY--TOPICAL TERM
Topical term or geographic name entry element CEL
650 ## - SUBJECT ADDED ENTRY--TOPICAL TERM
Topical term or geographic name entry element Liberalism and neoliberalism
9 (RLIN) 669294
650 ## - SUBJECT ADDED ENTRY--TOPICAL TERM
Topical term or geographic name entry element Post- war
9 (RLIN) 667583
650 ## - SUBJECT ADDED ENTRY--TOPICAL TERM
Topical term or geographic name entry element Realism and neorealism
9 (RLIN) 669295
650 ## - SUBJECT ADDED ENTRY--TOPICAL TERM
Topical term or geographic name entry element JEL
942 ## - ADDED ENTRY ELEMENTS (KOHA)
Classification part V41:1942,(D65,8(B)), Q1
Koha item type Textual
Source of classification or shelving scheme Colon Classification (CC)
Holdings
Withdrawn status Lost status Source of classification or shelving scheme Damaged status Not for loan Home library Current library Date acquired Source of acquisition Total Checkouts Full call number Barcode Date last seen Price effective from Koha item type
    Colon Classification (CC)     Department of East Asian Studies Library Department of East Asian Studies Library 2022-10-06 Gift, Japan Chamber of Commerce and Industry in India   V41:1942,(D65,8(B)) Q1 EA1395861 2022-10-06 2022-10-06 Textual
Copyright @ Delhi University Library System